Movie by Cast #2 - Statistics

General Stats
  • This quiz has been taken 28 times
  • The average score is 7 of 15
Answer Stats
Cast Movie % Correct
Daniel Radcliffe, Emma Watson, Robert Pattinson, Rupert Grint Harry Potter and the Goblet of Fire
88%
Hugh Jackman, Evan Peters, James McAvoy, Ian McKellen X-Men: Days of Future Past
80%
Daisy Ridley, Adam Driver, Oscar Isaac, Naomi Ackie Star Wars: The Rise of Skywalker
76%
Leonardo DiCaprio, Elliot Page, Tom Hardy, Cillian Murphy Inception
64%
Joseph Gordon-Levitt, Christian Bale, Anne Hathaway, Tom Hardy The Dark Knight Rises
64%
Hugh Jackman, Michelle Williams, Zendaya, Zac Efron The Greatest Showman
60%
Lin-Manuel Miranda, Phillipa Soo, Leslie Odom Jr, Daveed Diggs Hamilton
44%
Scarlett Johansson, Mahershala Ali, Ed Skrein, Jonathan Bailey Jurassic World: Rebirth
40%
Chris Evans, Dwayne Johnson, JK Simmons, Lucy Liu Red One
36%
Rachel Zegler, Tom Blyth, Viola Davis, Peter Dinklage The Hunger Games: The Ballad of Songbirds and Snakes
36%
Mark Ruffalo, Ryan Reynolds, Walker Scobell, Zoe Saldana The Adam Project
32%
Chris Rock, Samuel L Jackson, Max Minghella, Marisol Nichols Spiral: From the Book of Saw
12%
Val Kilmer, Jeff Goldblum, Patrick Stewart, Ralph Fiennes The Prince of Egypt
12%
Matt Damon, Gwyneth Paltrow, Jude Law, Kate Winslet Contagion
8%
Anya Taylor-Joy, Charlie Heaton, Blu Hunt, Henry Zaga The New Mutants
8%
No matching quizzes found
Score Distribution
Percent of People with Each Score
Percentile by Number Answered
Your Score History
You have not taken this quiz